| 000 | 00848nam a2200217 i 4500 | ||
|---|---|---|---|
| 001 | 17508 | ||
| 003 | ES-MaACL | ||
| 007 | t| | ||
| 008 | 010322m19781983sp ||||1| spa d | ||
| 020 | _a84-7057-229-6 | ||
| 080 | _a291(091) | ||
| 100 | 1 |
_aEliade, Mircea. _946955 |
|
| 245 | 1 | 0 |
_aHistoria de las creencias y de las ideas religiosas / _cMircea Eliade. |
| 260 |
_aMadrid : _bCristiandad, _c1978-1983. |
||
| 300 |
_a4 v. ; _c22 cm. |
||
| 500 | _aEl tomo 3.2 no se llegó a publicar por fallecimiento del autor. | ||
| 505 | 8 | _aContiene: 1. De la prehistoria a los misterios de Eleusis -- 2. De Gautama Buda al triunfo del cristianismo -- 3.1. De Mahoma al comienzo de la modernidad -- 4. Las religiones en sus textos | |
| 650 | 1 | 4 |
_aReligiones- _xHistoria _916823 |
| 852 |
_aES-MaACL _jG-1246-49 _bR.100188 |
||
| 999 |
_c17508 _d17508 |
||